000 00600nam a2200181 i 4500
001 26261
003 ES-MaACL
005 20230906153419.0
007 t|
008 030108s1971 sp ||||1| spa d
100 1 _aArozamena, Jesús María de.
_923173
245 1 0 _aViejas canciones donostiarras
_b: = Donostiko Kantu zarrak /
_cJesús Mª de Arozamena, Tomás Garbizu.
260 _aSan Sebastián :
_bCaja de Ahorros Municipal,
_c[1971]
300 _a333 p. :
_bil. ;
_c24 cm.
700 1 _aGarbizu, Tomás.
_953959
740 0 _aDonostiko Kantu zarrak.
852 _aES-MaACL
_jC-41297
_bR.76429
999 _c26261
_d26261